[Event "Zlin Region-chT 2223"]
[Site "Czech Republic"]
[Date "2023.03.19"]
[Round "10.3"]
[White "Jasny, Igor"]
[Black "Balazec, Ludovit"]
[Result "0-1"]
[WhiteElo "1913"]
[BlackElo "1895"]
[PlyCount "92"]
[EventDate "2022.10.09"]
[EventType "team-tourn"]
[EventRounds "11"]
[EventCountry "CZE"]
[SourceTitle "EXT 2024"]
[Source "ChessBase"]
[SourceDate "2023.10.10"]
[SourceVersion "1"]
[SourceVersionDate "2023.10.10"]
[SourceQuality "1"]
[WhiteTeam "Valasska Bystrice Sokol"]
[BlackTeam "Zlin Malenovice"]
[WhiteTeamCountry "CZE"]
[BlackTeamCountry "CZE"]

1. e4 c5 2. b3 e5 3. Nc3 Nf6 4. Nf3 d6 5. Bc4 h6 6. d3 Nc6 7. h3 Be7 8. Bd5 Nb4 9. 0-0 0-0 10. Nh2 Nbxd5 11. Nxd5 Nxd5 12. exd5 b5 13. c4 b4 14. Bb2 Bg5 15. Qe2 Bf5 16. Nf3 Re8 17. Nxg5 Qxg5 18. Qf3 Qg6 19. Rad1 e4 20. dxe4 Rxe4 21. Rfe1 Rae8 22. Rxe4 Rxe4 23. Kf1 Re7 24. Qg3 a5 25. Qxg6 Bxg6 26. Bc1 Bc2 27. Rd2 Bb1 28. f3 g5 29. Kf2 Kf8 30. Rb2 Bd3 31. f4 f6 32. Be3 a4 33. Rd2 Bg6 34. g4 axb3 35. axb3 Ra7 36. f5 Be8 37. Kf3 Ra3 38. Rb2 Kf7 39. Bc1 Ba4 40. Ke3 Rxb3+ 41. Rxb3 Bxb3 42. Kd3 Ba2 43. Bb2 h5 44. Bc1 hxg4 45. hxg4 Bb3 46. Be3 Bd1 0-1

[Event "Zlin Region-chT 2223"]
[Site "Czech Republic"]
[Date "2023.01.29"]
[Round "7.3"]
[White "Dvoulety, Pavel"]
[Black "Jasny, Igor"]
[Result "1/2-1/2"]
[WhiteElo "2073"]
[BlackElo "1913"]
[PlyCount "71"]
[EventDate "2022.10.09"]
[EventType "team-tourn"]
[EventRounds "11"]
[EventCountry "CZE"]
[SourceTitle "EXT 2024"]
[Source "ChessBase"]
[SourceDate "2023.10.10"]
[SourceVersion "1"]
[SourceVersionDate "2023.10.10"]
[SourceQuality "1"]
[WhiteTeam "Stare Mesto II"]
[BlackTeam "Valasska Bystrice Sokol"]
[WhiteTeamCountry "CZE"]
[BlackTeamCountry "CZE"]

1. e4 e5 2. Nc3 Nf6 3. Bc4 Be7 4. d3 0-0 5. f4 d6 6. Nf3 Nc6 7. a3 Ng4 8. Nd5 exf4 9. Bxf4 Nce5 10. Bb3 Nxf3+ 11. Qxf3 Ne5 12. Qe3 Be6 13. 0-0 c6 14. Nxe7+ Qxe7 15. Bxe6 Qxe6 16. Qg3 f6 17. Rae1 Rad8 18. b3 b6 19. Bd2 Qg4 20. Qxg4 Nxg4 21. d4 c5 22. h3 Nh6 23. Bxh6 gxh6 24. d5 Rde8 25. Rf5 Kg7 26. Re3 Rg8 27. Kf2 Kf7 28. Ref3 Rg6 29. R3f4 Ke7 30. g4 Rf8 31. Rf3 Rg5 32. b4 cxb4 33. axb4 a5 34. bxa5 bxa5 35. Ra3 Ra8 36. Rxg5 1/2-1/2